Statistics for Guess NHL Teams by Hints

Click here to take the quiz!

General Stats

  • This quiz has been taken 23 times
  • The average score is 26 of 32

Answer Stats

HintAnswer% Correct
A person who oils machinery.Edmonton Oilers
100%
People who don't live in America but above it.Montreal Canadiens
95%
An inhabitant of an IslandNew York Islanders
95%
1939 - groundbreaking Aviation inventionWinnipeg Jets
95%
This team is "FIRE"Calgary Flames
90%
Katrina - Charley - Irene - CarolCarolina Hurricanes
90%
Stormy nights bring _____.Tampa Bay Lightning
90%
Canada's symbolToronto Maple Leafs
90%
Another nicknames for CanadiensVancouver Canucks
90%
Madison, WI - Tallahassee, FL - Washington D.C.Washington Capitals
90%
Team with the youngest NHL pro game starChicago Blackhawks
86%
Mascot should be in the BEE movieColumbus Blue Jackets
86%
Red device to flyDetroit Red Wings
86%
Several Species of catFlorida Panthers
86%
MonarchsLos Angeles Kings
86%
Forests-Animals-WaterMinnesota Wild
86%
Fit under this category; Ducks, Jets, Invitations.Philadelphia Flyers
86%
Also called "Prairie Wolves"Arizona Coyotes
81%
Can be found at the National government.Ottawa Senators
81%
Coconut's are more dangerous than ____.San Jose Sharks
81%
A type of musicSt. Louis Blues
81%
Got any Grapes!Anaheim Ducks
76%
Common Weapon for piratesBuffalo Sabres
76%
Don't Ski while there's an _____.Colorado Avalanche
76%
Found in the sky/galaxy.Dallas Stars
76%
Not prey but _______.Nashville Predators
76%
I am a national park ____.New York Rangers
76%
Waddling through the arctic= ______Pittsburgh Penguins
76%
"They don't know about the Kodiak _____."Boston Bruins
71%
Jack sparrow's biggest op.Seattle Kraken
67%
Found in a hot fiery placeNew Jersey Devils
62%
Au - knightsLas Vegas Golden Knights
24%

Score Distribution

Percentile by Number Answered

Percent of People with Each Score

Your Score History

You have not taken this quiz